000 00731nam a2200277Ia 4500
005 20260324114806.0
008 008 260324s9999 xx 000 0 eng d
020 _a9781003446521
037 _aEBOOK
040 _aCRL
040 _beng
040 _cCRL
041 _2eng
041 _aeng
084 _qCRL
100 _aLeslie Luqueño; Alexis Giron; Alise de Bie; Alison Cook-Sather; Elizabeth Marquis
_91152176
245 0 _aPromoting Equity and Justice Through Pedagogical Partnership
260 _bTaylor and Francis
260 _c2021
365 _a
365 _b230
856 _uhttp://www.taylorfrancis.com/books/9781003446521
942 _cEBOOK
999 _c1742557
_d1742557